| 000 | 01710cam a2200277 a 4500 | ||
|---|---|---|---|
| 999 |
_c5653 _d5653 |
||
| 005 | 20180803165308.0 | ||
| 008 | 080515s2006 ck r 000 0 spa d | ||
| 015 | _aSSN | ||
| 020 | _a9586839028 | ||
| 040 |
_aCO-BoPUJ _cCO-BoIAVH |
||
| 041 | 0 | _aspa | |
| 043 | _as-ck--- | ||
| 082 | 0 | 4 |
_a333.72 _bG65b |
| 100 | 1 | _aGonzález Ladrón de Guevara, Francisco José | |
| 245 | 1 | 0 |
_aEn busca de caminos para la comprensión en la problemática ambiental : _bla escisión moderna entre cultura y naturaleza / _cFrancisco González Ladrón de Guevara |
| 260 |
_aBogotá: _bIDEADE, _c2006. |
||
| 300 |
_a69 p. _c24 cm. |
||
| 502 | _aTesis para optar al título de Maestría en Filosofía por la Pontificia Universidad Javeriana | ||
| 504 | _aIncluye referencias bibliográficas (p. 69). | ||
| 505 | 0 |
_tAmbigúedad y desafío: la modernidad y el medio ambiente / _rRP. Vicente Durán, S.J.. -- _gLa _tproduccón de conocimiento y el origen de la escisión sociedad-naturaleza, en relación con la conceptualización de la problemática ambiental. -- _tPropuesta de introducción de la problemática ambiental en la reflexión filosófica sobre la relación sociedad-naturaleza y sus implicaciones. -- _gLa _tmodernidad y la posmodernidad, sus implicaciones en la construcción del concepto de desarrollo sostenible, como una nueva propuesta filosófica y ético-política. |
|
| 650 | 1 | 4 |
_aDesarrollo sostenible _xTesis, disertaciones, etc. |
| 650 | 2 | 4 |
_aMedio ambiente _xHistoria |
| 650 | 2 | 4 | _aPolítica ambiental |
| 710 | 2 |
_aPontificia Universidad Javeriana _bFacultad de Estudios Ambientales y Rurales _bInstituto de Estudios Ambientales para el Desarrollo |
|
| 942 |
_2ddc _cLIBRO |
||